| 000 | 00425nam a22001577a 4500 | ||
|---|---|---|---|
| 005 | 20171110095228.0 | ||
| 008 | 171110b xxu||||| |||| 00| 0 eng d | ||
| 020 | _a9679400123 | ||
| 040 | _cPK-LaUMT | ||
| 082 |
_aPKAC 297 _bRAZ-H |
||
| 100 | _aRazali Hj. Nawawi | ||
| 245 |
_aHukum Islam di pertikai? _cRazali Hj. Nawawi |
||
| 260 |
_aKuala Lumpur: _bAngkatan belia Islam Malaysia, _c1983 |
||
| 300 | _a120 p. | ||
| 942 | _cBK | ||
| 999 |
_c99912 _d99912 |
||